Ecology
Saved in:
| Main Author: | |
|---|---|
| Format: | Book |
| Language: | English |
| Published: |
New York :
W. H. Freeman ,
1990
|
| Edition: | 3rd ed. |
| Subjects: | |
| Tags: |
Add Tag
No Tags, Be the first to tag this record!
|
MARC
| LEADER | 00000nam a2200000 i 4500 | ||
|---|---|---|---|
| 001 | 1/5880 | ||
| 008 | 960619s1990 eng d | ||
| 020 | |a 0-7167-2077-9 | ||
| 035 | |l 10016160 | ||
| 040 | |a GR-MY-UA |b gre |e aacr | ||
| 041 | 0 | |a eng | |
| 082 | 0 | |a 574.5 | |
| 100 | 1 | |a Ricklefs, Robert E. | |
| 245 | 1 | 0 | |a Ecology / |c Robert E. Ricklefs |
| 250 | |a 3rd ed. | ||
| 260 | |a New York : |b W. H. Freeman , |c 1990 | ||
| 300 | |a xii, 896 σ.; |b εικ., πίν.; |c 27 εκ. | ||
| 504 | |a Περιέχει βιβλιογραφικές παραπομπές (σ. [827]-885) και ευρετήριο | ||
| 650 | 0 | 0 | |a Ecology. |
| 852 | |a INST |b LESVOS |e 19960619 |h 574.5 RIC |p 005100005968 |q 005100005968 |t BK |y 0 | ||
| 909 | |a Λ |b 018278 | ||